[Event "Gausdal Int"]
[Site "Gausdal NOR"]
[Date "1992.??.??"]
[Round "4"]
[White "Van Wely, Loek"]
[Black "Ernst, Thomas"]
[Result "1-0"]
[WhiteElo "2560"]
[BlackElo "2535"]
[PlyCount "79"]
[EventDate "1992.08.??"]
[Source "www.chesslib.no"]
[SourceDate "2004.05.04"]

1. d4 Nf6 2. c4 g6 3. Nc3 d5 4. Nf3 Bg7 5. Bf4 O-O 6. Rc1 dxc4 7. e4 c5 8. d5 b5 9. e5 Nh5 10. Be3 Bg4 11. Be2 Nd7 12. O-O Nxe5 13. Nxe5 Bxe2 14. Qxe2 Bxe5 15. Bh6 Bxc3 16. Bxf8 Bf6 17. Bh6 Qxd5 18. Rfd1 Qe5 19. Qf3 Rf8 20. Bxf8 Kxf8 21. g3 Kg7 22. b3 Bg5 23. Rc2 cxb3 24. axb3 Nf6 25. Qd3 Ne4 26. f4 Bxf4 27. gxf4 Qxf4 28. Re1 f5 29. Rce2 Qg4+ 30. Kh1 c4 31. bxc4 bxc4 32. Rxe4 cxd3 33. Rxg4 fxg4 34. Rxe7+ Kf6 35. Rd7 Ke5 36. Rxd3 h5 37. Kg2 h4 38. Ra3 Kf4 39. Ra4+ Kg5 40. Rxa7 1-0

[Event "HUN-chT1 9697"]
[Site "Hungary"]
[Date "1996.??.??"]
[Round "1"]
[White "Portisch, Lajos"]
[Black "Fogarasi, Tibor"]
[Result "1/2-1/2"]
[WhiteElo "2595"]
[BlackElo "2500"]
[PlyCount "118"]
[EventDate "1996.??.??"]
[Source "www.chesslib.no"]
[SourceDate "2004.05.04"]

1. d4 Nf6 2. c4 g6 3. Nc3 d5 4. Nf3 Bg7 5. Bf4 O-O 6. Rc1 dxc4 7. e4 Bg4 8. Bxc4 Nh5 9. Be3 Bxf3 10. gxf3 e5 11. dxe5 Bxe5 12. Qxd8 Rxd8 13. O-O Nd7 14. Rfd1 Nb6 15. Bf1 c6 16. a4 Bxc3 17. bxc3 Nxa4 18. Rxd8+ Rxd8 19. Bxa7 Nf4 20. Be3 Ne6 21. f4 b5 22. e5 Nec5 23. f3 Kf8 24. Be2 Ke8 25. Kf1 Nd3 26. Rc2 c5 27. f5 c4 28. fxg6 hxg6 29. f4 Ke7 30. Bf3 Rc8 31. Bd5 Nac5 32. Ra2 Na4 33. Ra3 Ndc5 34. Bf2 Nb3 35. Bh4+ Kf8 36. Be1 Nbc5 37. h4 Rc7 38. Bg3 Rc8 39. Bf2 Nb3 40. Be1 Nbc5 41. Ra2 Ne6 42. Bxe6 fxe6 43. h5 gxh5 44. Rh2 b4 45. cxb4 c3 46. Rc2 Rc4 47. b5 Rxf4+ 48. Kg2 Rb4 49. Bxc3 Nxc3 50. Rxc3 Rxb5 51. Rc7 Rxe5 52. Kf3 Rf5+ 53. Kg3 Rf7 54. Rc5 Rh7 55. Kh4 Ke8 56. Ra5 Rg7 57. Kxh5 Rg1 58. Ra7 Kd8 59. Kh4 Ke8 1/2-1/2

[Event "European Club Cup 2002"]
[Site "?"]
[Date "2002.09.27"]
[Round "6.99"]
[White "Gershon Alik"]
[Black "Horvath Jozsef"]
[Result "1/2-1/2"]
[WhiteElo "2556"]
[BlackElo "2535"]
[PlyCount "46"]
[EventDate "2002.??.??"]
[Source "www.chesslib.no"]
[SourceDate "2004.05.04"]

1. d4 Nf6 2. c4 g6 3. Nc3 d5 4. Nf3 Bg7 5. Bf4 O-O 6. Rc1 dxc4 7. e3 Be6 8. Ng5 Bd5 9. e4 h6 10. exd5 hxg5 11. Bxg5 Nxd5 12. Bxc4 Nb6 13. Bb3 Nc6 14. d5 Nd4 15. O-O Nxb3 16. Qxb3 Bxc3 17. bxc3 Qxd5 18. Bxe7 Rfe8 19. c4 Nxc4 20. Bf6 Nb6 21. Qb2 Nd7 22. Rxc7 Nxf6 23. Qxf6 Rac8 1/2-1/2

[Event "Cesko"]
[Site "?"]
[Date "1999.??.??"]
[Round "?"]
[White "Ftacnik, L."]
[Black "Mirumian, V."]
[Result "1-0"]
[WhiteElo "2585"]
[BlackElo "2505"]
[PlyCount "81"]
[EventDate "1999.??.??"]
[Source "Chess Informant"]
[SourceDate "1999.10.01"]

1. d4 Nf6 2. Nf3 g6 3. c4 Bg7 4. Nc3 d5 5. Bf4 O-O 6. Rc1 dxc4 7. e4 c5 8. dxc5 Qa5 9. e5 Nh5 10. Be3 Nc6 11. Bxc4 Bg4 12. e6 fxe6 13. Qb3 Bxf3 14. gxf3 Ne5 15. Be2 Nf4 16. Bxf4 Rxf4 17. Qxb7 Raf8 18. Qxe7 Kh8 19. O-O R4f7 20. Qxe6 Qxc5 21. f4 Rxf4 22. Nd5 Qd4 23. Nxf4 Qxf4 24. Rc8 h5 25. Rxf8+ Bxf8 26. Qd5 Bg7 27. Rd1 Kh7 28. b3 Qg5+ 29. Qg2 Qf5 30. Rf1 Kh6 31. Qg3 Nc6 32. Bd3 Qf6 33. Kh1 g5 34. f4 g4 35. Qg2 Nd4 36. Qe4 Qc6 37. Qxc6+ Nxc6 38. Re1 Nd4 39. Re7 a5 40. Ra7 h4 41. Ra6+ 1-0

[Event "Nikolaev (zt)"]
[Site "?"]
[Date "1993.??.??"]
[Round "?"]
[White "Rogozenko, D."]
[Black "Tukmakov, V."]
[Result "1/2-1/2"]
[WhiteElo "2480"]
[BlackElo "2605"]
[PlyCount "35"]
[EventDate "1993.??.??"]
[Source "ChessBase"]
[SourceDate "1993.06.01"]

1. d4 Nf6 2. c4 g6 3. Nc3 d5 4. Bf4 Bg7 5. Rc1 O-O 6. Nf3 dxc4 7. e4 c5 8. dxc5 Nbd7 9. Bxc4 Nxc5 10. Qxd8 Rxd8 11. e5 Nh5 12. Be3 Be6 13. Bxe6 Nd3+ 14. Kf1 fxe6 15. Rc2 Rac8 16. g3 b5 17. Re2 b4 18. Ne4 1/2-1/2

[Event "Poutiainen mem"]
[Site "Helsinki"]
[Date "1983.??.??"]
[Round "?"]
[White "Farago, Ivan"]
[Black "Tukmakov, Vladimir B"]
[Result "1/2-1/2"]
[WhiteElo "2495"]
[BlackElo "2590"]
[PlyCount "42"]
[EventDate "1983.09.??"]
[Source "ChessBase"]

1. d4 Nf6 2. c4 g6 3. Nc3 d5 4. Bf4 Bg7 5. e3 O-O 6. Rc1 c5 7. dxc5 Be6 8. Nf3 Nc6 9. Be2 Ne4 10. Nd4 Nxd4 11. exd4 Nxc3 12. bxc3 dxc4 13. O-O Bd5 14. Bf3 Qd7 15. Re1 Rfe8 16. Bxd5 Qxd5 17. Qf3 Qxf3 18. gxf3 e5 19. Bxe5 Bxe5 20. Rxe5 Rxe5 21. dxe5 Rc8 1/2-1/2